Formula 1: Most Points Per Team - Racing Bulls - Statistics

General Stats
  • This quiz has been taken 54 times
  • The average score is 13 of 16
Answer Stats
Points Answer Nationality Years on team % Correct
43 Daniel Ricciardo Australia 2012-2013, 2023-2024
100%
62 Max Verstappen Netherlands 2015-2016
100%
269 Pierre Gasly France 2017-2022
98%
87 Yuki Tsunoda Japan 2021-
98%
87 Daniil Kvyat Russia 2014, 2016-2017, 2019-2020
96%
105 Sebastian Vettel Germany 2007-2008
96%
16 Alexander Albon Thailand 2019
94%
112 Carlos Sainz Spain 2015-2017
94%
6 Liam Lawson New Zealand 2023-2024
89%
43 Sébastien Buemi Switzerland 2009-2011
66%
4 Brendon Hartley New Zealand 2017-2018
64%
51 Jean-Éric Vergne France 2012-2014
64%
17 Vitantonio Liuzzi Italy 2006-2007
55%
6 Scott Speed United States 2006-2007
53%
31 Jaime Alguersuari Spain 2009-2011
47%
22.5 Sebastien Bourdais France 2008-2009
40%
No matching quizzes found
Score Distribution
Percent of People with Each Score
Percentile by Number Answered
Your Score History
You have not taken this quiz